[Event "Muensterland Verbandsklasse 1516"]
[Site "Germany"]
[Date "2016.05.28"]
[Round "9.8"]
[White "Winking, Heinrich"]
[Black "Tost, Otfried"]
[Result "1/2-1/2"]
[WhiteElo "1462"]
[BlackElo "1465"]
[PlyCount "119"]
[EventDate "2015.09.19"]
[EventType "team"]
[EventRounds "9"]
[EventCountry "GER"]
[SourceTitle "EXT 2017"]
[Source "ChessBase"]
[SourceDate "2016.10.25"]
[SourceVersion "1"]
[SourceVersionDate "2016.10.25"]
[SourceQuality "1"]
[WhiteTeam "Gescher"]
[BlackTeam "Nordwalde"]
[WhiteTeamCountry "GER"]
[BlackTeamCountry "GER"]

1. d4 d5 2. Nf3 Nf6 3. c4 c6 4. Nc3 Bg4 5. cxd5 cxd5 6. Bf4 a6 7. Qa4+ Qd7 8. Ne5 Qxa4 9. Nxa4 Nc6 10. Nxg4 Nxg4 11. Nb6 Rd8 12. Bc7 Nxd4 13. Rc1 e6 14. a3 Nc6 15. Bxd8 Kxd8 16. e3 Bd6 17. h3 Nf6 18. Bxa6 Kc7 19. Nxd5+ Nxd5 20. Bb5 Kb6 21. Bc4 Ne5 22. 0-0 Nxc4 23. Rxc4 Rd8 24. Rfc1 Rd7 25. e4 Nf4 26. Kf1 Rc7 27. Rxc7 Bxc7 28. Rd1 Kc6 29. f3 Be5 30. b3 b5 31. Rd8 Bd6 32. a4 b4 33. a5 Bc7 34. Rf8 Bxa5 35. Rxf7 Nd3 36. Rxg7 Nc1 37. Rxh7 Nxb3 38. h4 Nd4 39. Ra7 Bb6 40. Ra1 Bd8 41. Rd1 Bf6 42. h5 Nc2 43. Rb1 Kc5 44. Ke2 Nd4+ 45. Kd3 b3 46. f4 e5 47. f5 Bg5 48. Kc3 Kb5 49. g3 Ne2+ 50. Kxb3 Nxg3 51. Kc3+ Kc5 52. Kd3 Nxh5 53. Rg1 Nf4+ 54. Kc2 Bf6 55. Rd1 Ng2 56. Kd3 Nf4+ 57. Ke3 Kc6 58. Rh1 Bg5 59. Kf3 Kc5 60. Rh7 1/2-1/2